000
00272nam a2200121Ia 4500
005
20251222142002.0
008
251222s9999||||xx |||||||||||||| ||spa||
020
_a
958-04-3373-9
082
_a
658.001/D95
100
_a
Drucker, Peter
245
0
_a
Drucker:
942
_c
LIB
999
_c
10025
_d
10025